Biafra National Anthem Lyrics - Statistics

General Stats
  • This quiz has been taken 2 times
  • The average score is 7 of 24
Answer Stats
Lyrics % Correct
Land of the rising sun, we love and cherish,
100%
Beloved homeland of our brave heroes;
50%
But if the price is death for all we hold dear,
50%
Defending thee shall be a dedication,
50%
Hail to Biafra, consecrated nation,
50%
O fatherland, this be our solemn pledge:
50%
Shall always be our flag of liberty.
50%
Spilling our blood we’ll count a privilege;
50%
Then let us die without a shred of fear.
50%
The waving standard which emboldens the free
50%
We must defend our lives or we shall perish,
50%
We shall emerge triumphant from this ordeal,
50%
We shall protect our lives from all our foes;
50%
And through the crucible unscathed we’ll pass;
0%
Bless those who rule to serve with resoluteness,
0%
Give us the strength to heed the humanist call:
0%
Guide all our movements lest we go astray;
0%
Of victory we scored o’er might and wrong.
0%
Oh God, protect us from the hidden pitfall,
0%
Then shall our trumpets peal the glorious song
0%
To give and not to count the cost’ each day;
0%
To make this clime a land of righteousness.
0%
We shall remember those who died in mass;
0%
When we are poised the wounds of battle to heal,
0%
No matching quizzes found
Score Distribution
Percent of People with Each Score
Percentile by Number Answered
Your Score History
You have not taken this quiz